| 000 | 00773nam a2200241 a 4500 | ||
|---|---|---|---|
| 003 | CBULib | ||
| 005 | 20240822133423.0 | ||
| 008 | 090202s1990 ||||||||||||||||| || u | ||
| 040 |
_aCBULib _bEnglish _cCBULib _erda |
||
| 041 | _aeng | ||
| 050 | _aUNO(02)1990/5 | ||
| 110 |
_aUnited Nations (UNO) _93397 |
||
| 245 | 1 | 0 |
_aAgricultural trade liberalization in the Uruguay round : implications for developing countries _c/ by United Nations (UNO) |
| 260 |
_aNew York : _bUnited Nations, _c1990 |
||
| 300 | _axxiv, 199 pages : illustrations | ||
| 336 |
_2rdacontent _aText | _btxt |
||
| 337 |
_2rdamedia _aUnmediated | _bn |
||
| 338 |
_2rdacarrier _aVolume _bnc |
||
| 650 | _aPRODUCE TRADE | ||
| 650 | _aTARIFF ON FARM PRODUCE | ||
| 650 | _aFREE TRADE | ||
| 942 |
_2mc _c029 |
||
| 999 |
_c33953 _d33953 |
||